| 000 | 01880nam a22002177a 4500 | ||
|---|---|---|---|
| 999 |
_c60317 _d60317 |
||
| 003 | Ge_BSU | ||
| 005 | 20230628154831.0 | ||
| 008 | 230628s2007 ge ||||| |||| 00| 0 geo d | ||
| 020 | _a9789994007387 | ||
| 041 | _ageo | ||
| 080 | _a75(479.22)(092 ფიროსმანი)(084.1) ბ-52 | ||
| 100 |
_aბერიძე, ვახტანგ _911489 |
||
| 245 |
_aნიკო ფიროსმანაშვილი = Нико Фиросманашвили, 1862-1918 : _b[ალბომი ქართ. და რუს. ენ.] / _cვახტანგ ბერიძე; [რედ. მერი კარბელაშვილი; წიგნი გამოსაც. მოამზადა გიორგი მარსაგიშვილმა]; საქ. კულტ., ძეგლთა დაცვისა და სპორტის სამინ., გიორგი ჩუბინაშვილის სახელ. ქართ. ხელოვნ. ისტ. და ძეგლთა დაცვის კვლ. ეროვნ. ცენტრი. |
||
| 264 |
_aთბილისი, _c2007. |
||
| 300 |
_a173გვ. : _bილ. ; _c23სმ. |
||
| 653 | _aფიროსმანაშვილი, ნიკო - ალბომები | ||
| 700 |
_aკარბელაშვილი, მერი _eრედაქტორი _919044 |
||
| 700 |
_aმარსაგიშვილი, გიორგი _eგამომცემელი _918681 |
||
| 710 |
_aსაქ. კულტ., ძეგლთა დაცვისა და სპორტის სამინ., გიორგი ჩუბინაშვილის სახელ. _bქართ. ხელოვნ. ისტ. და ძეგლთა დაცვის კვლ. ეროვნ. ცენტრი. _919045 |
||
| 942 |
_2udc _cBK |
||